ბათუმის შოთა რუსთაველის სახელმწიფო უნივერსიტეტის ბიბლიოთეკა

ქართული ლიტერატურა (ბიბ.ჩანაწერი № 43857)

000 -LEADER
fixed length control field 00798nam a2200229Ia 4500
001 - CONTROL NUMBER
control field 10605
003 - CONTROL NUMBER IDENTIFIER
control field GE_BSU
008 - FIXED-LENGTH DATA ELEMENTS--GENERAL INFORMATION
fixed length control field 181216s||||||||xx |||||||||||||| ||und||
020 ## - INTERNATIONAL STANDARD BOOK NUMBER
International Standard Book Number 9789941162916
040 ## - CATALOGING SOURCE
Transcribing agency GE_BSU
100 ## - MAIN ENTRY--PERSONAL NAME
Personal name ევგენიძე,იუზა; მინაშვილი,ლადო.
245 ## - TITLE STATEMENT
Title ქართული ლიტერატურა
245 ## - TITLE STATEMENT
Remainder of title ტ.ll (XlX საუკუნე)
245 ## - TITLE STATEMENT
Statement of responsibility, etc. რედ:ბეგო ბეჟუაშვილი
260 ## - PUBLICATION, DISTRIBUTION, ETC.
Place of publication, distribution, etc. თბილისი
260 ## - PUBLICATION, DISTRIBUTION, ETC.
Name of publisher, distributor, etc. საქართველოს მაცნე
260 ## - PUBLICATION, DISTRIBUTION, ETC.
Date of publication, distribution, etc. 2013
300 ## - PHYSICAL DESCRIPTION
Extent 591გვ;25სმ.
653 ## - INDEX TERM--UNCONTROLLED
Uncontrolled term ქართული ლიტერატურა ტ.ll (XlX საუკუნე)
942 ## - ADDED ENTRY ELEMENTS (KOHA)
Koha item type წიგნი
ეგზემპლარები
Withdrawn status Lost status Damaged status Not for loan Date acquired Barcode Date last seen Price effective from Koha item type
        2018-12-17 34905 2018-12-17 2018-12-17 წიგნი
        2018-12-17 34906 2018-12-17 2018-12-17 წიგნი
        2018-12-17 34907 2018-12-17 2018-12-17 წიგნი
        2018-12-17 34908 2018-12-17 2018-12-17 წიგნი